THE LITTLE,BROWN WORKBOOK / (Record no. 615429)

000 -LEADER
fixed length control field 00373nam a22001457a 4500
020 ## - INTERNATIONAL STANDARD BOOK NUMBER
Qualifying information PB.
040 ## - CATALOGING SOURCE
Transcribing agency FIZZA ISHAQ
082 ## - DEWEY DECIMAL CLASSIFICATION NUMBER
Classification number 428.2
Author Mark DON
100 ## - MAIN ENTRY--PERSONAL NAME
Personal name GORRELL,DONNA.
9 (RLIN) 132161
245 ## - TITLE STATEMENT
Title THE LITTLE,BROWN WORKBOOK /
Statement of responsibility, etc. DONNA GORRELL.
250 ## - EDITION STATEMENT
Edition statement 8TH ED.
260 ## - PUBLICATION, DISTRIBUTION, ETC.
Place of publication, distribution, etc. NEW YORK;
Name of publisher, distributor, etc. ADDISON WESLEY LONGMAN,
Date of publication, distribution, etc. 2001.
300 ## - PHYSICAL DESCRIPTION
Extent 602 P. ;
Dimensions 9.6X7.8IN
942 ## - ADDED ENTRY ELEMENTS (KOHA)
Source of classification or shelving scheme
Koha item type Book
Holdings
Withdrawn status Lost status Source of classification or shelving scheme Damaged status Not for loan Permanent Location Current Location Shelving location Date acquired Total Checkouts Full call number Barcode Date last seen Price effective from Koha item type
          NUST Baluchistan Campus (NBC) NUST Baluchistan Campus (NBC) Text Books 12/01/2025   428.2 DON QD-848 12/01/2025 12/01/2025 Book
© 2023 Central Library, National University of Sciences and Technology. All Rights Reserved.